| 000 | 01182namaa22002417i 4500 | ||
|---|---|---|---|
| 001 | 173786 | ||
| 003 | ES-MaACL | ||
| 005 | 20231226140147.0 | ||
| 008 | 100119s1841 sp | |||| ||spa d | ||
| 040 |
_aSpMaBN _bspa _cSpMaBN _erdc |
||
| 080 | _a821.133.1-22"18" | ||
| 100 | 0 |
_aScribe, Eugène. _9104966 |
|
| 245 | 1 | 3 |
_aEl vaso de agua ó causas y efectos _b: comedia en cinco actos y en prosa / _cescrita en francés por Scribe y traducida por Antonio Gil de Zarate. |
| 246 | 3 | 0 | _aCausas y efectos |
| 260 |
_aMadrid : _b[Manuel Delgado], _c1841 ( _fImp. de Yenes) |
||
| 300 |
_a80 p. ; _c18 cm. |
||
| 700 | 1 |
_aGil y Zárate, Antonio, _d1793-1861 _956804 |
|
| 852 |
_aES-MaACL _jB-8605(3) _z.- Enc. pasta española _q.- Falto de la cub. original _z.- Enc. en un vol. facticio formando parte de la col. facticia "Teatro español moderno", vol. 60 |
||
| 852 |
_aES-MaACL _jF-8605 _z-- Enc. pasta española, falto de la cub. original _z-- Enc. en un vol. facticio, formando parte de la col. facticia: "Teatro español moderno" |
||
| 856 |
_uhttp://bdh-rd.bne.es/viewer.vm?id=0000131462&page=1 _zBiblioteca Digital Hispánica |
||
| 999 |
_c173786 _d173786 |
||